000 00675nam a2200217Ia 4500
003 OSt
005 20240506151311.0
008 210210b1979 xxu||||| |||| 00| 0 eng d
040 _cAL
082 _aK894.4 SHRI
100 _aVyasabharata
_9136461
_dವ್ಯಾಸ ಭಾರತ
245 _aShrimanmahabharata.S17.
_bಶ್ರೀ ಮನ್ಮಹಾಭಾರತ ಸಂ: ೧೭
260 _aBengaluru
_bBharata Darshana Prakashana
_c1979
300 _a16,3534,xii
440 _a16
_9136462
650 _aMahabharata Vyasa Dronaparva
_9136463
650 _aದ್ರೋಣ ಪರ್ವ
_9157663
690 _aKannada Prose
_9136464
906 _a034291
942 _2ddc
_cBK
999 _c85269
_d85269